LEADER 02969nam 2200601 450 001 996331949603316 005 20200917021826.0 010 $a3-11-044765-7 010 $a3-11-044804-1 024 7 $a10.1515/9783110448047 035 $a(OCoLC)931648248 035 $a(CKB)3850000000001104 035 $a(EBL)4595509 035 $a(MiAaPQ)EBC4595509 035 $a(DE-B1597)457845 035 $a(OCoLC)958054441 035 $a(DE-B1597)9783110448047 035 $a(Au-PeEL)EBL4595509 035 $a(CaPaEBR)ebr11237006 035 $a(CaONFJC)MIL941023 035 $a(OCoLC)953844222 035 $a(PPN)202110540 035 $a(EXLCZ)993850000000001104 100 $a20160805h20162016 uy 0 101 0 $aeng 135 $aur|n|---||||| 181 $2rdacontent 182 $2rdamedia 183 $2rdacarrier 200 10$aDiagoras of Melos $ea contribution to the history of ancient atheism /$fMarek Winiarczyk ; translated from Polish by Witold Zbirohowski-Kos?scia 210 1$aBerlin, [Germany] ;$aBoston, [Massachusetts] :$cDe Gruyter,$d2016. 210 4$d©2016 215 $a1 online resource (242 p.) 225 1 $aBeitra?ge zur Altertumskunde,$x1616-0452 ;$vBand 350 300 $aDescription based upon print version of record. 311 $a3-11-044805-X 311 $a3-11-044377-5 320 $aIncludes bibliographical references and indexes. 327 $tFrontmatter -- $tPreface -- $tContents -- $tAbbreviations -- $tI. Current State of Research -- $tII. Analysis of the More Important Sources -- $tIII. The Life of Diagoras -- $tIV. The Problem of Diagoras? Atheism -- $tV. Diagoras as the Supposed Author of the Commentary on the Derveni Papyrus -- $tVI. Conclusions -- $tAppendix I. Diagoras as an Impious Person and Atheist -- $tAppendix II. Contra Deos Testimonium -- $tAppendix III. Gods Punish Those Who Stay With an Impious Person -- $tBibliography -- $t1. Index of names -- $t2. Index of geographical and ethnic names -- $t3. Index of subjects -- $t4. Greek and Latin words and expressions -- $t5. Index of passages 330 $aDiagoras of Melos (lyric poet, 5th c. B.C.) has received special attention for some time now because he was regarded as a radical atheist and the author of a prose work on atheism in antiquity. He was notorious for revealing and ridiculing the Eleusinian Mysteries and was condemned for impiety at Athens. The present book evaluates Diagoras? biography and shows that he cannot be considered to have been an atheist in the modern sense. 410 0$aBeitra?ge zur Altertumskunde ;$vBand 350. 606 $aAtheism$zGreece$xHistory 615 0$aAtheism$xHistory. 676 $a200.938 700 $aWiniarczyk$b Marek$0213731 702 $aZbirohowski-Kos?scia$b Witold 801 0$bMiAaPQ 801 1$bMiAaPQ 801 2$bMiAaPQ 906 $aBOOK 912 $a996331949603316 996 $aDiagoras of Melos$92637268 997 $aUNISA LEADER 00956nam a2200229 i 4500 001 991000091469707536 005 20020503113913.0 008 001031s1998 sz ||| | ger 020 $a3909064183 035 $ab10027695-39ule_inst 035 $aocm00000490$9ExL 040 $aDip.to Beni Culturali$bita 100 1 $aBentz, Martin$0171071 245 10$aPanathenaIsche Preisamphoren :$beine athenische Vasengattung und ihre Funktion vom 6.-4. Jahrhundert V. Chr. /$cMartin Bentz 260 $aBasel :$bVereinigung der Freunde antiker Kunst,$c1998 300 $a240 p., 136 p. di tav. 907 $a.b10027695$b21-09-06$c31-05-02 912 $a991000091469707536 945 $aLE001 AR III 241?$g1$i2001000013425$lle001$nsemeraro preso in prestito in data 5 marzo 2021$o-$pE0.00$q-$rl$s- $t0$u0$v0$w0$x0$y.i10030992$z31-05-02 996 $aPanathenaIsche Preisamphoren$9178124 997 $aUNISALENTO 998 $ale001$b01-01-00$cm$da $e-$fger$gsz $h0$i1 LEADER 02880nam 2200529 450 001 9910795011103321 005 20230118111836.0 010 $a3-657-70274-1 024 7 $a10.30965/9783657702749 035 $a(CKB)4920000000126313 035 $z(OCoLC)1122736970 035 $a(nllekb)BRILL9783657702749 035 $a(MiAaPQ)EBC6517662 035 $a(Au-PeEL)EBL6517662 035 $a(OCoLC)1243535394 035 $a(Brill | Scho?ningh)9783657702749 035 $a(EXLCZ)994920000000126313 100 $a20230118d2019 uy 0 101 0 $ager 135 $aurun####uuuua 181 $ctxt$2rdacontent 182 $cn$2rdamedia 183 $2rdacarrier 200 10$aNeues Deutschland - Neues Deutschlandbild? $eSelbstdarstellung und Rezeption der Berliner Republik in Frankreich seit 1990 /$fJean-Samuel Marx 205 $a1st ed. 210 1$aPaderborn :$cFerdinand Scho?ningh,$d[2019] 210 4$d©2019 215 $a1 online resource 225 1 $aSammlung Scho?ningh zur Geschichte und Gegenwart 311 $a3-506-70274-2 320 $aIncludes bibliographical references and index. 327 $aFront Matter -- Copyright page -- Danksagung -- Einleitung -- Neues Deutschland ? alte Bilder? Die Gegenwart der Vergangenheit. 1990?1998 -- Eine allmähliche Emanzipation von der Vergangenheit? 1998 bis 2009 -- Ausblick: eine schleichende Entfremdung? Die Selbstdarstellung und Rezeption Deutschlands in Krisenzeiten. 2010?2015 -- Schlussbetrachtung -- Back Matter -- Abkürzungsverzeichnis -- Literatur- und Quellenverzeichnis -- Personenregister. 330 $aDie Wiedervereinigung vera?nderte Deutschland nicht nur im Inneren, sondern wirkte sich auch in hohem Maße auf die deutsche Stellung in Europa und in der Welt aus. Die neuen Rahmenbedingungen sowie der Generationswechsel in der Politik fu?hrten in den Folgejahren zu einer Vera?nderung der deutschen Selbstdarstellung. All dies blieb nicht ohne Folgen auf ihre Wahrnehmung im Ausland. Der promovierte Historiker Jean-Samuel Marx untersucht in diesem Band die Selbstdarstellung und die Rezeption des wiedervereinigten Deutschlands in Frankreich seit 1990. Dabei arbeitet er heraus, anhand welcher Faktoren diese Entwicklungen zu erkla?ren sind und inwiefern die Selbstdarstellung der Bundesrepublik und ihre Rezeption miteinander korrelieren. 410 0$aSammlung Scho?ningh zur Geschichte und Gegenwart. 606 $aFrench$zGermany$zBerlin 607 $aFrance$xForeign relations$zGermany 607 $aGermany$xCivilization$xFrench influences 615 0$aFrench 676 $a943.15500441 700 $aMarx$b Jean-Samuel$f1988-$01552548 801 0$bMiAaPQ 801 1$bMiAaPQ 801 2$bMiAaPQ 906 $aBOOK 912 $a9910795011103321 996 $aNeues Deutschland - Neues Deutschlandbild$93812522 997 $aUNINA